Normal view
MARC view
- Bachelor of Arts
Entry Topical Term
001 - CONTROL NUMBER
- control field: 41515
003 - CONTROL NUMBER IDENTIFIER
- control field: OSt
005 - DATE AND TIME OF LATEST TRANSACTION
- control field: 20200203153733.0
008 - FIXED-LENGTH DATA ELEMENTS
- fixed length control field: 200203|| aca||aabn | a|a d
040 ## - CATALOGING SOURCE
- Original cataloging agency: OSt
- Transcribing agency: OSt
150 ## - HEADING--TOPICAL TERM
- Topical term or geographic name entry element: Bachelor of Arts
- Form subdivision: Political Science
- General subdivision: Undergraduate Thesis
670 ## - SOURCE DATA FOUND
- Source citation: Work cat.: (OSt): Cortez, Mary Wea Morales 41514, Factors that Motivate Voters to Choose their Preferred Political Aspirants in Barangay Alegre, Bansalan, Davao Del Sur/, October 2011
